| 000 | 01276cam a2200253Ja 4500 | ||
|---|---|---|---|
| 020 | _a0697340791 (case) | ||
| 020 | _a9780697340795 (case) | ||
| 020 | _a0697340805 (pbk.) | ||
| 020 | _a9780697340801 (pbk.) | ||
| 020 | _a0071154027 | ||
| 020 | _a9780071154024 | ||
| 020 | _a0072290218 | ||
| 020 | _a9780072290219 | ||
| 040 | _cDLC | ||
| 082 | 0 | 0 | _a570 WCB 1998 A081 Or. |
| 100 | 1 | _aMader, Sylvia S. | |
| 245 | 1 | 0 | _aBiology / |
| 250 | _a6th ed. | ||
| 260 |
_aBoston : _bWCB/McGraw-Hill, _cc1998 |
||
| 300 |
_a1 v. (various pagings) : _bill. (some col.), maps (some col.) ; _c29 cm. |
||
| 520 | _a[This text] covers the concepts and principles of biology from the structure and function of the cell to the organization of the biosphere. It draws upon the entire world of living things to bring out an evolutionary theme that is introduced from the start. The concept of evolution is necessary to understanding the unity and diversity of life and serves as a background for the study of ecological principles. Four chapters are devoted to reviewing the ecological principles that explain how the natural world works. Frequent references are made as to how humans impact the environment. Ecological problems are considered. | ||
| 650 | 0 | _aBiology. | |
| 942 | _cEK | ||
| 999 |
_c15800 _d15800 |
||